000 00701nam a2200193 a 4500
003 0
005 20250319120847.0
008 080916s19uu xx 00 eng d
050 _aPHS HV 7936.J63
_b.Tr74 2008
100 _aTropezado, Jaime Miguel A.
245 _aPublic image, motivation, and job satisfaction of police personnel /
_cJaime Miguel A. Tropezado.
260 _aLas PiƱas City, Philippines :
_bSouthville International School and Colleges,
_c2008.
300 _a38 pages :
_billustrations :
_c28 cm.
504 _aIncludes bibliographical references.
650 _aPolice
_xJob satisfaction.
650 _aPolice
_xPublic opinion.
650 _aPolice
_xMotivation.
942 _2lcc
_cPASS
999 _c98052
_d98052